<?xml version="1.0" encoding="UTF-8"?>
<record
    xmlns:xsi="http://www.w3.org/2001/XMLSchema-instance"
    xsi:schemaLocation="http://www.loc.gov/MARC21/slim http://www.loc.gov/standards/marcxml/schema/MARC21slim.xsd"
    xmlns="http://www.loc.gov/MARC21/slim">

  <leader>01441cam a2200349 i 4500</leader>
  <controlfield tag="001">18147660</controlfield>
  <controlfield tag="003">US-DLC</controlfield>
  <controlfield tag="005">20161026151117.0</controlfield>
  <controlfield tag="008">140502s2014    gw a     b    001 0 eng  </controlfield>
  <datafield tag="010" ind1=" " ind2=" ">
    <subfield code="a">  2014399753</subfield>
  </datafield>
  <datafield tag="020" ind1=" " ind2=" ">
    <subfield code="a">9783931936075 (English edition : pbk.)</subfield>
  </datafield>
  <datafield tag="035" ind1=" " ind2=" ">
    <subfield code="a">(GyWOH)har130601084</subfield>
  </datafield>
  <datafield tag="040" ind1=" " ind2=" ">
    <subfield code="a">DLC</subfield>
    <subfield code="b">eng</subfield>
    <subfield code="c">DLC</subfield>
    <subfield code="e">rda</subfield>
  </datafield>
  <datafield tag="041" ind1="1" ind2=" ">
    <subfield code="a">eng</subfield>
    <subfield code="h">ger</subfield>
  </datafield>
  <datafield tag="042" ind1=" " ind2=" ">
    <subfield code="a">pcc</subfield>
  </datafield>
  <datafield tag="049" ind1=" " ind2=" ">
    <subfield code="a">Alfaisal Main Library</subfield>
  </datafield>
  <datafield tag="050" ind1="0" ind2="0">
    <subfield code="a">NK2554.G72</subfield>
    <subfield code="b">A4 2014</subfield>
  </datafield>
  <datafield tag="245" ind1="0" ind2="0">
    <subfield code="a">Konstantin Grcic :</subfield>
    <subfield code="b">Panorama /</subfield>
    <subfield code="c">editors,  Mateo Kries, Janna Lipsky ; translations, Barbara Hauss [and 3 others].</subfield>
  </datafield>
  <datafield tag="246" ind1="3" ind2="0">
    <subfield code="a">Panorama</subfield>
  </datafield>
  <datafield tag="300" ind1=" " ind2=" ">
    <subfield code="a">319 pages :</subfield>
    <subfield code="b">numerous illustrations (chiefly color) ;</subfield>
    <subfield code="c">28 cm</subfield>
  </datafield>
  <datafield tag="500" ind1=" " ind2=" ">
    <subfield code="a">"This catalogue is published on the occasion of the exhibtion Konstantin Grcic, Panorama. Konstantin Grcic, Panorama is an exhibition of the Vitra Design Museum, Weil am Rhein, and Z33, Hasselt. Vitra Design Museum, 22 March-14 September 2014, Z33, 1 Februrary-24 May 2015--" Colophon.</subfield>
  </datafield>
  <datafield tag="504" ind1=" " ind2=" ">
    <subfield code="a">Includes bibliographical references (pages 310-312) and index.</subfield>
  </datafield>
  <datafield tag="546" ind1=" " ind2=" ">
    <subfield code="a">Translated from German.</subfield>
  </datafield>
  <datafield tag="600" ind1="1" ind2="0">
    <subfield code="a">Grcic, Konstantin,</subfield>
    <subfield code="d">1965-</subfield>
    <subfield code="v">Catalogues raisonn&#xE9;s.</subfield>
  </datafield>
  <datafield tag="600" ind1="1" ind2="0">
    <subfield code="a">Grcic, Konstantin,</subfield>
    <subfield code="d">1965-</subfield>
    <subfield code="v">Exhibitions.</subfield>
  </datafield>
  <datafield tag="650" ind1=" " ind2="0">
    <subfield code="a">Designers</subfield>
    <subfield code="z">Germany</subfield>
    <subfield code="v">Exhibitions.</subfield>
  </datafield>
  <datafield tag="655" ind1=" " ind2="7">
    <subfield code="a">Print books.</subfield>
    <subfield code="2">local</subfield>
  </datafield>
  <datafield tag="700" ind1="1" ind2=" ">
    <subfield code="a">Kries, Mateo,</subfield>
    <subfield code="d">1974-</subfield>
  </datafield>
  <datafield tag="700" ind1="1" ind2=" ">
    <subfield code="a">Lipsky, Janna.</subfield>
  </datafield>
  <datafield tag="710" ind1="2" ind2=" ">
    <subfield code="a">Vitra Design Museum.</subfield>
  </datafield>
  <datafield tag="942" ind1=" " ind2=" ">
    <subfield code="2">lcc</subfield>
    <subfield code="c">BOOKS</subfield>
  </datafield>
  <datafield tag="999" ind1=" " ind2=" ">
    <subfield code="c">8374</subfield>
    <subfield code="d">8374</subfield>
  </datafield>
  <datafield tag="952" ind1=" " ind2=" ">
    <subfield code="0">0</subfield>
    <subfield code="1">0</subfield>
    <subfield code="2">lcc</subfield>
    <subfield code="4">0</subfield>
    <subfield code="7">0</subfield>
    <subfield code="a">AU</subfield>
    <subfield code="b">AU</subfield>
    <subfield code="c">GEN</subfield>
    <subfield code="d">2016-01-05</subfield>
    <subfield code="l">0</subfield>
    <subfield code="o">NK2554.G72 A4 2014</subfield>
    <subfield code="p">AU0000000003877</subfield>
    <subfield code="r">2016-01-05 00:00:00</subfield>
    <subfield code="v">645.00</subfield>
    <subfield code="w">2016-01-05</subfield>
    <subfield code="y">BOOKS</subfield>
  </datafield>
</record>
